Tunisia strengthening the employability of youth during the transition to a green economy

Salvato in:
Dettagli Bibliografici
Natura: Libro
Lingua:inglese
Pubblicazione: Paris OECD 2015
Serie:Investing in youth
Soggetti:
Tags: Aggiungi Tag
Nessun Tag, puoi essere il primo ad aggiungerne!!

MARC

LEADER 00000nam a2200000 4500
001 0210939
005 20240314123557.7
020 |a 978-92-64-19082-5 
041 0 |a eng 
044 |a FR 
245 1 0 |a Tunisia  |b strengthening the employability of youth during the transition to a green economy 
264 1 |a Paris  |b OECD  |c 2015 
300 |a 240 s. 
490 1 |a Investing in youth 
830 0 |a Investing in youth 
610 2 0 |a mládež 
610 2 0 |a zamestnanosť 
610 2 0 |a trh práce 
610 2 0 |a vzdelávanie 
610 2 0 |a politika vzdelávania 
610 2 0 |a investovanie 
610 2 0 |a miesta pracovné 
610 2 0 |a politika sociálna 
610 2 0 |a školenie odborné 
610 2 0 |a reformy 
610 2 0 |a podpora podnikania 
610 2 0 |a politika ekologická 
610 2 0 |a Tunisko